| 000 | 00553cab a2200217 4500 | ||
|---|---|---|---|
| 001 | X93163 | ||
| 008 | 090401t1999 xxu||||| |||| 00| 0 eng d | ||
| 035 | _a(Sirsi) u93163 | ||
| 041 | _aeng | ||
| 245 | _aRe the appeal of Heilbuth (VO) | ||
| 260 | _c1999 | ||
| 350 | _a0 | ||
| 490 |
_aRating Appeals _v[1999] RA, 109-124(9) |
||
| 650 | _aBUSINESS PARKS | ||
| 650 | _aHEREDITAMENTS | ||
| 650 | _aRATEABLE OCCUPATION | ||
| 650 | _aRE THE APPEAL OF HEILBUTH (VO) | ||
| 690 | _aRATING AND VALUATION-CASE LAW | ||
| 942 | _n0 | ||
| 948 | _c06/05/1999 | ||
| 999 |
_c59042 _d59042 |
||